书目信息 |
| 题名: |
沈从文谈艺术
|
|
| 作者: | 沈从文 著 | |
| 分册: | ||
| 出版信息: | 南京 江苏人民出版社 2014.01 |
|
| 页数: | 313页 | |
| 开本: | 21cm | |
| 丛书名: | 含章文库 | |
| 单 册: | ||
| 中图分类: | J05-53 | |
| 科图分类: | ||
| 主题词: | 艺术评论--文集 , 艺术评论 | |
| 电子资源: | ||
| ISBN: | 978-7-214-10847-0 | |
| 000 | 00850oam2 2200277 450 | |
| 001 | 0120141244143 | |
| 005 | 20140610163214.21 | |
| 010 | @a978-7-214-10847-0@dCNY29.80 | |
| 100 | @a20140303d2014 em y0chiy0110 ea | |
| 101 | 0 | @achi |
| 102 | @aCN@b320000 | |
| 105 | @ay z 000yy | |
| 106 | @ar | |
| 200 | 1 | @a沈从文谈艺术@9shen cong wen tan yi shu@f沈从文著 |
| 210 | @a南京@c江苏人民出版社@d2014.01 | |
| 215 | @a313页@d21cm | |
| 225 | 2 | @a含章文库@i沈从文集 |
| 330 | @a本书就收录了沈从文的部分文学评论与文化研究短文,见解独到,考证严密,行文一如散文般优美且独具性灵。 | |
| 333 | @a文学爱好者 | |
| 462 | 0 | @12001 @a含章文库@i沈从文集 |
| 606 | 0 | @a艺术评论@j文集 |
| 606 | 0 | @a艺术评论 |
| 690 | @aJ05-53@v5 | |
| 701 | 0 | @a沈从文@9shen cong wen@f(1902-1988)@4著 |
| 801 | 0 | @aCN@b人天书店@c20140303 |
| 905 | @b845907-09@dJ05-53@e286@f3 | |
| 沈从文谈艺术/沈从文著.-南京:江苏人民出版社,2014.01 |
| 313页;21cm.-(含章文库.沈从文集) |
| 使用对象:文学爱好者 |
| ISBN 978-7-214-10847-0:CNY29.80 |
| 本书就收录了沈从文的部分文学评论与文化研究短文,见解独到,考证严密,行文一如散文般优美且独具性灵。 |
| ● |
| 相关链接 |
|
|
|
|
正题名:沈从文谈艺术
索取号:J05-53/286
 
预约/预借
| 序号 | 登录号 | 条形码 | 馆藏地/架位号 | 状态 | 备注 |
| 1 | 845907 | 208459078 | 第一样本阅览室/ [索取号:J05-53/286] | 在馆 | |
| 2 | 845908 | 208459087 | 密集书库-物理学院/ [索取号:J05-53/286] | 在馆 | |
| 3 | 845909 | 208459096 | 第一借阅区/ [索取号:J05-53/286] | 在馆 |